Informačné a komunikačné technológie a ekonomický rast

Informačná spoločnosť. Definovanie výziev deklarácie princípov informačnej spoločnosti rozdelených do jedenástich kľúčových princípov IS. Plán cieľov do roku 2015. Spôsoby vzájomnej interakcie: investície do IKT, produkciu IKT a používanie IKT.

Saved in:
Bibliographic Details
Main Author: Šóš, Ivan, 1977-
Other Authors: Napolitano, Barbara, Novák, Martin, 1980-
Format: Book Chapter
Language:Slovak
Subjects:
Tags: Add Tag
No Tags, Be the first to tag this record!

MARC

LEADER 00000nla$a2200000$$$4500
001 0083930
005 20240502071937.6
041 0 |a slo 
044 |a SK 
245 1 0 |a Informačné a komunikačné technológie a ekonomický rast  |c Ivan Šóš, Barbara Napolitano, Martin Novák 
520 |a Informačná spoločnosť. Definovanie výziev deklarácie princípov informačnej spoločnosti rozdelených do jedenástich kľúčových princípov IS. Plán cieľov do roku 2015. Spôsoby vzájomnej interakcie: investície do IKT, produkciu IKT a používanie IKT. 
610 2 0 |a technológie informačné 
610 2 0 |a technológie komunikačné 
610 2 0 |a rast hospodársky 
610 2 0 |a akumulácia kapitálu 
610 2 0 |a produktivita práce 
100 1 |a Šóš, Ivan, 1977- 
700 1 |a Napolitano, Barbara 
700 1 |a Novák, Martin, 1980-